Quizzes
Events
Quiz Creation
Community
Videos
Private Events
Remove Ads
Sign In
Join for FREE
Feedback
Dark Mode
Quiz Categories
Sports
Geography
Music
Movies
Television
Just For Fun
Miscellaneous
History
Literature
Language
Science
Gaming
Entertainment
Religion
Holiday
For Kids
Quiz Lab
Recent
Popular Today
Quiz Kudos Today
Editor Picks
Curator Picks
Quizzes by...
Day
Popularity
Type
Ratings
Length
Year
Community
Subscriptions
Recent Discussions
Orange Saloon
Badges
Playlists
Quests
Create
Leaderboards
Showdown
Live 5
Trivia Bingo
Activity
Puzzle Library
Sporcle Events
Private Events
Virtual Trivia
Globe League
Become a Host
Pub Owners
SporcleCon
Opinionation
Our Games
Videos
Blog
Mobile Apps
Partnerships
Remove Ads and Go Orange
Feedback
Just For Fun
Clickable
Get the Picture
Humor
Quick Pick
Word Ladder
Missing Word
Mixed Word
Blitz
Minefield
This or That
Alphabet
Color
Typing
Sporcle
Puzzle
Word Play
Follow That Line
Logic
Just For Fun
Clickable
Get the Picture
Humor
Quick Pick
Word Ladder
Missing Word
Mixed Word
Blitz
Minefield
This or That
Alphabet
Color
Typing
Sporcle
Puzzle
Word Play
Follow That Line
Logic
Random Quiz
Search Sporcle
×
Quiz Lab
Quiz Lab
Just For Fun
Maximum
Type in answers that appear in a list
Type in answers that appear in a list
Classic
Best Score? Go Orange.
Maximum Ride Characters Stats
Can you name the Maximum Ride Characters?
By
iggysbabe
2m
11 Questions
215 Plays
215 Plays
215 Plays
Comments
Comments
Give Quiz Kudos
Give Quiz Kudos
-
- Ratings
hide this ad
Replay
Link that replays current quiz
Next Quiz
Link to next quiz in quiz playlist
You Got
0%
They Got
Avg Score
95%
Avg Friend Score
Upgrade to see
Score Distribution
Jump to the score distribution portion of the page
Score
0/11
Timer
02:00
0
Plays Today
Hints
Character
% Correct
14 year old girl
Max
100%
14 year old boy
Fang
100%
6 year old girl
Angel
100%
14 year old boy
Iggy
99.5%
11 year old girl
Nudge
98.1%
8 year old boy
Gasman
95.3%
Dr. Martinez's daughter
Ella
93.5%
White coat
Jeb
93.5%
Black terrier
Total
92.1%
eraser
Ari
92.1%
Vet
Dr. Martinez
83.7%
Quiz Playlist
Details
Report
Send in Message
Add To Playlist
Classic:
Type in answers that appear in a list
Last Updated: Feb 16, 2017
Quiz Scoreboard
CHALLENGE
Sign Up to Join the Scoreboard
Show All
Scores
Hide
Comments
May contain spoilers
Recently Published
Women Country Music Singer Match-Up
by babymonkee
Music
5m
TV Characters by Other Roles V
by ghcgh
Television
5m
Decade Duel: World Leaders
by jenniferyan
History
4m
More to Explore
Quiz From the Vault
Featured Blog Post
15 Basketball Trivia Facts You Can Be March Mad About
hide this ad
You Might Also Like...
Tags
Character
Maximum
Maximum Ride
ride
Today's Top Quizzes in Just For Fun
Browse Just For Fun
hide this ad
Today's Top Quizzes in Maximum
Browse Maximum
Top Contributed Quizzes in Just For Fun
1
Seasons
2
Pick 6: Letters
3
Pick 6: Foods
4
Pick 6: Colors
5
Quick Pick: Spring Things
6
Four Seasons
7
Erkennst du die Lieblingsgerichte der watsons?
8
💣 Real or Fake Four Letter Words [Blitz]
9
🌸 Two-Word Hint Crossword 7 🌸
10
Dragon Ball Z Logic Quiz
Explore More
Trending Topics
NBA
Anime
Harry Potter
Kpop
Disney
Marvel
Crossword
Pokémon
Song
WWE
The Office
Soccer
NFL
Puzzle
Country
hide this ad
More By:
iggysbabe
Quiz
Plays
Rating
Category
Featured
Created
The Walt Disney World Quiz
1,171
2.00
Just For Fun
Mar 22, 2012
Guess the Disney Song II
893
4.00
Movies
Apr 26, 2012
Walt Disney World Attractions
720
2.33
Just For Fun
Mar 15, 2012
Maximum Ride Characters
215
5.00
Just For Fun
May 4, 2011
Guess the Disney Song I
208
2.33
Music
Mar 15, 2012
Go to Creator's Profile
Score Distribution
Quiz Creator Spotlight
iggysbabe
Follow
Send a Message
Quizzes Created
-
Created Quiz Play Count
-
More By This Creator
Popular Quizzes Today
1
Countries of Asia Without Outlines Minefield
2
Find the US States - No Outlines Minefield
3
Pick 6: Fruits
4
The Countries of the World
5
Find the Countries of Europe - No Outlines Minefield
6
Alphabetical 'K' Countries by Flag Minefield
7
Find the US States
8
US States
More Just For Fun Quizzes
Do or Die, Square Eyes!
Published
Trending Quizzes
Pick 6: Mountains
Pick 6: Harry Potter
Pick 6: NFL Teams
Pick 6: Flags
C Names for Actors
Recently Updated
Adaptations: Name the Title
pecheneg
NWSL Teams
pecheneg
Women's Final Four Teams by Year
bhenderson79
Presidents Quartet II
eogle
Anything But Clue(do)
eogle
Anything But Oceanian Capitals
eogle
Anything But 7
eogle
Anything But Thing
eogle
Word Ladder: February 29
pecheneg
Song Title Questions
pecheneg
Trending Topics
Anime
NBA
Crossword
Harry Potter
Marvel
Disney
Kpop
Song
NFL
Puzzle
Pokémon
Country
WWE
Soccer
The Office
Your Account Isn't Verified!
In order to create a playlist on Sporcle, you need to verify the email address you used during registration. Go to your
Sporcle Settings
to finish the process.
Report this User
Report this user for behavior that violates our
Community Guidelines
.
Details:
Send Report
Go to the Sporcle.com Mobile Site →
Comments